ArmA: Armed Assault - alle Städte (United Sahrani) - Statistiken

Allgemein
  • Dieses Quiz wurde 8 mal gespielt
  • Das Durchschnittsergebnis liegt bei 24 aus 41
Antwortstatistiken
Hinweis Antwort % Korrekt
Cayo
100%
Corazol
100%
Estrella
100%
Gulan
100%
Masbete
100%
(Großstadt) Ortego
100%
(Großstadt) Paraiso
100%
Pita
100%
(Stadt) Rahmadi
100%
Tiberia
100%
Arcadia
83%
(Großstadt) Bagango
83%
Carmen
83%
Chantico
83%
Dolores
83%
Eponia
83%
Iguana
83%
Mercalillo
83%
Obregan
83%
Parato
83%
Everon
67%
Rashidah
67%
Somato
67%
Benoma
33%
Cedras
33%
Gaula
33%
Tlaloc
33%
Valor
33%
Ambergris
17%
Balmopan
17%
Bonanza
17%
Corinto
17%
Geraldo
17%
Hunapu
17%
Ixel
17%
Mataredo
17%
Modesta
17%
Pacamac
17%
Pesto
17%
Tandag
17%
Yoro
17%
Keine übereinstimmenden Quizze gefunden
Verteilung der Resultate
Anzahl Personen mit jedem Resultat
Perzentil nach korrekt beantworteten Fragen
Ihre Resultats-Entwicklung
Sie haben dieses Quiz noch nicht gespielt